Mind-Gut connection (Record no. 1237940)

MARC details
000 -LEADER
fixed length control field 00805nam a2200253Ia 4500
005 - DATE AND TIME OF LATEST TRANSACTION
control field 20250117103632.0
008 - FIXED-LENGTH DATA ELEMENTS--GENERAL INFORMATION
fixed length control field 008 250103s9999 xx 000 0 eng d
020 ## - INTERNATIONAL STANDARD BOOK NUMBER
International Standard Book Number 9780062376589
037 ## - SOURCE OF ACQUISITION
Stock number Textual
040 ## - CATALOGING SOURCE
Original cataloging agency CSL
Language of cataloging eng
Transcribing agency CSL
041 ## - LANGUAGE CODE
Language code of text/sound track or separate title eng
Source of code eng
084 ## - COLON CLASSIFICATION NUMBER
Classification number L72:3 Q6-;3
Assigning agency CSL
100 ## - MAIN ENTRY--PERSONAL NAME
Personal name Mayer, Emeran
245 #0 - TITLE STATEMENT
Title Mind-Gut connection
Statement of responsibility, etc. Mayer, Emeran
260 ## - PUBLICATION, DISTRIBUTION, ETC.
Place of publication, distribution, etc. Broadway Harper Wave New York
Name of publisher, distributor, etc. Harper Wave New York
Date of publication, distribution, etc. 2021
300 ## - PHYSICAL DESCRIPTION
Extent xiv,316p. ill.
650 ## - SUBJECT ADDED ENTRY--TOPICAL TERM
Topical term or geographic name entry element how the mind communicates with the gut
9 (RLIN) 734379
650 ## - SUBJECT ADDED ENTRY--TOPICAL TERM
Topical term or geographic name entry element Mind body connection is real
9 (RLIN) 734380
650 ## - SUBJECT ADDED ENTRY--TOPICAL TERM
Topical term or geographic name entry element New understanding of emotions
9 (RLIN) 734381
650 ## - SUBJECT ADDED ENTRY--TOPICAL TERM
Topical term or geographic name entry element sample road toward wellness
9 (RLIN) 734382
650 ## - SUBJECT ADDED ENTRY--TOPICAL TERM
Topical term or geographic name entry element Zoology
942 ## - ADDED ENTRY ELEMENTS (KOHA)
Koha item type Textual
Classification part L72:3 Q6-;3
Holdings
Withdrawn status Lost status Damaged status Not for loan Home library Current library Date acquired Source of acquisition Inventory number Total Checkouts Full call number Barcode Date last seen Price effective from Koha item type
        Central Science Library Central Science Library 2025-01-17 Deepika Book Agency 119, 08/02/2024   L72:3 Q6-;3 SL1655890 2025-01-17 2025-01-17 Textual
Copyright @ Delhi University Library System